00000000cam 2200000zi 4500
0019.957050
003CaOODSP
00520251212121239
006m     o  d f      
007cr cn ||||||||
008251104t20252025bccd    ob   f000 0 eng d
020 |a9780660796024
040 |aCaOODSP|beng|erda|cCaOODSP
041 |aeng|beng|bfre
043 |an-cn-bc
0861 |aFs97-6/3731E-PDF
1001 |aDionne, Kaitlyn, |eauthor.
24510|aPre-season run size forecasts for Fraser River sockeye (Oncorhynchus nerka) and pink (Oncorhynchus gorbuscha) salmon in 2025 / |cKaitlyn Dionne, Jin Gao, and Jessie Lilly.
264 1|aKamloops, BC : |bFisheries and Oceans Canada = Pêches et océans Canada, |c2025.
264 4|c©2025
300 |a1 online resource (v, 36 pages) : |bgraphs.
336 |atext|btxt|2rdacontent
337 |acomputer|bc|2rdamedia
338 |aonline resource|bcr|2rdacarrier
4901 |aCanadian technical report of fisheries and aquatic sciences, |x1488-5379 ; |v3731
504 |aIncludes bibliographical references (pages 27-28).
546 |aIncludes abstracts in English and French.
650 0|aSockeye salmon|zBritish Columbia|zFraser River.
650 0|aPink salmon|zBritish Columbia|zFraser River.
650 0|aFish stock assessment|zBritish Columbia|zFraser River.
650 0|aEscapement (Fisheries)|zBritish Columbia|zFraser River.
650 6|aSaumon rouge|zColombie-Britannique|zFraser, Fleuve.
650 6|aSaumon rose|zColombie-Britannique|zFraser, Fleuve.
650 6|aRessources halieutiques|xÉvaluation|zColombie-Britannique|zFraser, Fleuve.
650 6|aÉchappée (Pêches)|zColombie-Britannique|zFraser, Fleuve.
7101 |aCanada. |bDepartment of Fisheries and Oceans, |eissuing body.
830#0|aCanadian technical report of fisheries and aquatic sciences ;|v3731.|w(CaOODSP)9.504449
85640|qPDF|s2.43 MB|uhttps://publications.gc.ca/collections/collection_2025/mpo-dfo/fs97-6/Fs97-6-3731-eng.pdf